[Event "IV Closed GM BCC 2021"]
[Site "Barcelona"]
[Date "2021.04.09"]
[Round "5.3"]
[White "Maurizzi, Marc Andria"]
[Black "Barseghyan, Harutyun"]
[Result "1-0"]
[WhiteElo "2479"]
[BlackElo "2471"]
[Annotator "TA"]
[PlyCount "99"]
[EventDate "2021.04.05"]
[EventType "tourn"]
[EventCountry "ESP"]
[SourceTitle "playchess.com"]
[Source "ChessBase"]
[SourceQuality "1"]

{[%evp 10,99,20,-11,33,32,30,0,0,1,14,-4,5,0,8,0,0,-7,0,-10,0,0,13,10,0,0,10,-5,0,-6,0,0,0,-9,-8,-10,-10,-10,16,0,0,-13,0,0,0,0,0,0,0,0,0,0,0,0,0,0,0,0,0,-76,-69,-71,-71,-23,-22,-41,-24,-35,-25,-25,107,109,91,93,112,111,169,164,161,163,354,39,48,0,319,198,1180,1108,6613,5820,4602,2319]} 1. d4 Nf6 2. c4 e6 3. Nc3 Bb4 4. Qc2 d5 5. cxd5 exd5 6. Nf3 Ne4 {E35: Nimzo-Indian: Classical: 4...d5 5 cxd5 exd5.} 7. e3 c6 8. Bd3 (8. a3 $5 {[%cal Ra3b4]} Bxc3+ 9. bxc3 $11) 8... f5 {The position is equal.} 9. O-O Nd7 10. Ne5 Nxe5 11. dxe5 O-O 12. Nxe4 fxe4 13. Bxe4 dxe4 14. Qc4+ Qd5 15. Qxb4 Qxe5 16. Bd2 c5 {[#]} 17. Qa4 $146 ({Predecessor:} 17. Qb3+ Kh8 18. Bc3 Qg5 19. Kh1 b6 20. Qc4 Qg6 21. f4 Bg4 22. h3 Be6 23. Qe2 {1-0 (43) Bachtiar,A-Iglesias,A Havana 1966}) 17... Qe6 18. Rfc1 Bd7 19. Qc4 Rac8 20. b4 cxb4 21. Qxb4 Rxc1+ 22. Rxc1 Qxa2 23. Rc7 Qa1+ (23... Bc6 {looks sharper.} 24. Be1 h6 25. h3 a6 26. Qd4 Rf7) 24. Bc1 Bc6 25. Qb2 Qxb2 26. Bxb2 $11 {[%mdl 4096] Endgame KRB-KRB} Rf7 27. Rc8+ Rf8 28. Rc7 Rf7 29. Rc8+ Rf8 30. Rc7 Rd8 {[%cal Rd8d1] [#]} 31. Rxg7+ Kf8 {[%cal Rd8d1]} 32. g4 Rd2 33. Bc3 Rd3 34. Be5 (34. Bf6 $11 {remains equal.}) 34... Rd7 $17 35. Rg5 Rd5 36. Kg2 a5 {[%cal Ba7a5,Ba5a4][%mdl 32]} 37. Kg3 a4 38. Kf4 a3 39. Bc3 Rd3 {[#]} (39... Rxg5 $11 40. Kxg5 a2) 40. Bb4+ $1 $16 Kf7 {...a2 is the strong threat.} 41. Ra5 Rd1 42. Bxa3 ({Don't take} 42. Rxa3 Rh1 $14) 42... Rf1 (42... Rd5 $16 43. Rxd5 Bxd5) 43. Rf5+ $18 Kg6 44. Ke5 Rh1 $2 (44... Ra1) 45. Rh5 $2 (45. h4 $18 {Threatening mate with h5+.} Rxh4 46. Rf6+ Kg7 47. Bf8+ Kh8 48. g5) 45... Rf1 $14 46. Rf5 $2 {[%mdl 8192]} (46. Kd4 $14) 46... Rh1 $1 $18 47. Be7 {Hoping for Rf6+.} Rxh2 $2 (47... Rd1 48. Rf6+ Kg7) 48. Rf6+ {White is clearly winning.} Kg7 49. Bf8+ Kg8 50. Bh6 {[%csl Gh6][%cal Rf6f8] Weighted Error Value: White=0.27/Black=0.18} 1-0

[Event "IV Closed GM BCC 2021"]
[Site "Barcelona"]
[Date "2021.04.09"]
[Round "5.4"]
[White "Hernandez, Cristian Andres"]
[Black "Valenzuela Gomez, Fernando"]
[Result "1-0"]
[WhiteElo "2357"]
[BlackElo "2382"]
[Annotator "NA"]
[PlyCount "87"]
[EventDate "2021.04.05"]
[EventType "tourn"]
[EventCountry "ESP"]
[SourceTitle "playchess.com"]
[Source "ChessBase"]
[SourceQuality "1"]
[TimeControl "5400+30"]

1. e4 {[%emt 0:00:00]} c5 {[%emt 0:06:50]} 2. Nf3 {[%emt 0:00:00]} d6 {[%emt 0:00:08]} 3. Bb5+ {[%emt 0:00:00]} Nd7 {[%emt 0:00:07]} 4. d4 {[%emt 0:00:00]} cxd4 {[%emt 0:00:17]} 5. Qxd4 {[%emt 0:00:02]} a6 {[%emt 0:00:46]} 6. Bxd7+ {[%emt 0:00:06]} Bxd7 {[%emt 0:00:34]} 7. Nc3 {[%emt 0:00:07]} e5 {[%emt 0:03:51]} 8. Qd3 {[%emt 0:00:06]} Rc8 {[%emt 0:02:02]} 9. Bg5 {[%emt 0:00:55]} Qc7 {[%emt 0:02:41]} 10. Nd2 {[%emt 0:30:31]} Be6 {[%emt 0:11:26]} 11. Nf1 {[%emt 0:06:08]} h6 {[%emt 0:01:08]} 12. Bh4 {[%emt 0:00:19]} Qa5 {[%emt 0:13:30]} 13. Ne3 {[%emt 0:02:39]} Qb4 {[%emt 0:03:52]} 14. O-O-O {[%emt 0:02:56]} g5 {[%emt 0:00:45]} 15. Bg3 {[%emt 0:00:27]} Nf6 {[%emt 0:01:02]} 16. f3 {[%emt 0:04:40]} Be7 {[%emt 0:01:41]} 17. h4 {[%emt 0:07:09]} g4 {[%emt 0:03:10]} 18. h5 {[%emt 0:02:16]} b5 {[%emt 0:03:15]} 19. Bh4 {[%emt 0:02:29]} gxf3 {[%emt 0:10:27]} 20. gxf3 {[%emt 0:01:16]} Qc5 {[%emt 0:01:23]} 21. Nf5 {[%emt 0:10:11]} Bxf5 {[%emt 0:00:35]} 22. exf5 {[%emt 0:00:05]} d5 {[%emt 0:08:59]} 23. Bxf6 {[%emt 0:02:11]} Bxf6 {[%emt 0:00:04]} 24. Qxd5 {[%emt 0:07:42]} Qxd5 {[%emt 0:02:02]} 25. Rxd5 {[%emt 0:00:17]} Rd8 {[%emt 0:02:39]} 26. Rxd8+ {[%emt 0:02:12]} Bxd8 {[%emt 0:00:18]} 27. Rg1 {[%emt 0:01:54]} Bg5+ {[%emt 0:02:27]} 28. Kd1 {[%emt 0:00:05]} Be3 {[%emt 0:00:34]} 29. Rg4 {[%emt 0:03:52]} Bd4 {[%emt 0:00:23]} 30. Ne4 {[%emt 0:07:56]} Bxb2 {[%emt 0:00:17]} 31. Nf6+ {[%emt 0:00:33]} Ke7 {[%emt 0:00:40]} 32. Rg8 {[%emt 0:00:23]} Rxg8 {[%emt 0:05:43]} 33. Nxg8+ {[%emt 0:00:05]} Kd6 {[%emt 0:00:03]} 34. Nxh6 {[%emt 0:00:06]} e4 {[%emt 0:00:05]} 35. fxe4 {[%emt 0:02:28]} Ke5 {[%emt 0:00:05]} 36. Nxf7+ {[%emt 0:00:13]} Kxe4 {[%emt 0:00:07]} 37. h6 {[%emt 0:00:19]} Kxf5 {[%emt 0:00:23]} 38. h7 {[%emt 0:00:04]} Ke4 {[%emt 0:01:46]} 39. h8=Q {[%emt 0:03:15]} Bxh8 {[%emt 0:00:03]} 40. Nxh8 {[%emt 0:00:09]} Kd4 {[%emt 0:00:07]} 41. Kc1 {[%emt 0:00:20]} Kc3 {[%emt 0:00:21]} 42. Ng6 {[%emt 0:00:05]} a5 {[%emt 0:00:13]} 43. Nf4 {[%emt 0:00:10]} Kb4 {[%emt 0:00:44]} 44. Kb2 {[%emt 0:00:08]} 1-0

[Event "IV Closed GM BCC 2021"]
[Site "Barcelona"]
[Date "2021.04.09"]
[Round "5.5"]
[White "Perez Mitjans, Orelvis"]
[Black "Narciso Dublan, Marc"]
[Result "1/2-1/2"]
[WhiteElo "2412"]
[BlackElo "2521"]
[Annotator "ChessBase"]
[PlyCount "66"]
[EventDate "2021.04.05"]
[EventType "tourn"]
[EventCountry "ESP"]
[SourceTitle "playchess.com"]
[Source "ChessBase"]
[SourceQuality "1"]
[TimeControl "5400+30"]

1. e4 {[%emt 0:15:58]} c6 {[%emt 0:00:00]} 2. Nf3 {[%emt 0:00:45]} d5 {[%emt 0:00:06]} 3. exd5 {[%emt 0:00:57]} cxd5 {[%emt 0:00:11]} 4. d4 {[%emt 0:00:08]} Nf6 {[%emt 0:00:52]} 5. Ne5 {[%emt 0:05:43]} g6 {[%emt 0:01:06]} 6. Bb5+ {[%emt 0:01:01]} Nbd7 {[%emt 0:00:54]} 7. O-O {[%emt 0:00:13]} Bg7 {[%emt 0:00:23]} 8. f4 {[%emt 0:01:21]} O-O {[%emt 0:00:48]} 9. c3 {[%emt 0:00:11]} Ne4 {[%emt 0:03:14]} 10. Bd3 {[%emt 0:00:56]} Ndf6 {[%emt 0:02:08]} 11. Nd2 {[%emt 0:08:13]} Bf5 {[%emt 0:01:09]} 12. Nxe4 {[%emt 0:00:58]} Bxe4 {[%emt 0:00:19]} 13. Bxe4 {[%emt 0:04:07]} Nxe4 {[%emt 0:00:11]} 14. Qb3 {[%emt 0:00:18]} Qd6 {[%emt 0:05:51]} 15. Be3 {[%emt 0:06:50]} e6 {[%emt 0:09:34]} 16. a4 {[%emt 0:19:47]} Qc7 {[%emt 0:05:10]} 17. Rf3 {[%emt 0:02:54]} Rab8 {[%emt 0:03:40]} 18. Rh3 {[%emt 0:00:41]} Nd6 {[%emt 0:03:12]} 19. Qc2 {[%emt 0:02:13]} b5 {[%emt 0:02:33]} 20. axb5 {[%emt 0:00:28]} Rxb5 {[%emt 0:00:09]} 21. Qf2 {[%emt 0:01:39]} Rfb8 {[%emt 0:01:39]} 22. Bc1 {[%emt 0:01:30]} h5 {[%emt 0:04:49]} 23. g4 {[%emt 0:02:43]} hxg4 {[%emt 0:00:41]} 24. Nxg4 {[%emt 0:00:04]} Nf5 {[%emt 0:05:03]} 25. Ne5 {[%emt 0:00:21]} R8b7 {[%emt 0:09:50]} 26. Ra6 {[%emt 0:01:51]} Ra5 {[%emt 0:03:10]} 27. Rc6 {[%emt 0:04:56]} Qd8 {[%emt 0:03:35]} 28. b4 {[%emt 0:02:22]} Rab5 {[%emt 0:03:17]} 29. Qe2 {[%emt 0:02:39]} Qe8 {[%emt 0:02:34]} 30. Ra6 {[%emt 0:02:12]} R5b6 {[%emt 0:04:27]} 31. Ra5 {[%emt 0:00:12]} Rb5 {[%emt 0:04:04]} 32. Ra6 {[%emt 0:01:09]} R5b6 {[%emt 0:03:26]} 33. Ra5 {[%emt 0:00:23]} Rb5 1/2-1/2

[Event "IV Closed GM BCC 2021"]
[Site "Barcelona"]
[Date "2021.04.10"]
[Round "6.1"]
[White "Cuenca Jimenez, Jose Fernando"]
[Black "Narciso Dublan, Marc"]
[Result "1/2-1/2"]
[WhiteElo "2506"]
[BlackElo "2521"]
[Annotator "TA"]
[PlyCount "93"]
[EventDate "2021.04.05"]
[EventType "tourn"]
[EventCountry "ESP"]
[SourceTitle "playchess.com"]
[Source "ChessBase"]
[SourceQuality "1"]

{[%evp 22,93,32,30,40,39,41,21,39,1,4,6,30,31,46,29,20,9,18,16,22,22,22,29,31,42,31,33,31,35,38,18,36,12,92,84,97,85,138,106,244,230,212,189,160,173,157,52,72,56,54,62,68,62,66,45,52,20,7,8,10,0,0,0,0,0,0,0,0,-5,0,-273,-233,-302]} 1. d4 d5 2. c4 e6 3. Nf3 Nf6 4. Nc3 Nbd7 5. Bg5 Be7 6. e3 O-O 7. Rc1 a6 8. cxd5 exd5 9. Bd3 c6 10. Qc2 Re8 11. O-O Nf8 12. h3 Nh5 {D65: Queen's Gambit Declined: Classical: 7 Rc1 c6 8 Qc2 a6 9 cxd5.} 13. Bxe7 Qxe7 14. a3 {[#]} Be6 $146 {The position is equal.} ({Predecessor:} 14... g6 15. Rfe1 Be6 16. b4 Qf6 17. Ne5 Nd7 18. f4 Ng7 19. Qf2 Qd8 20. g4 f6 {1-0 (41) Polak,T (2553)-Splichal,S (2216) Czechia 2008}) 15. g4 Nf6 16. Ne5 Rad8 17. f4 Bc8 18. Rce1 Ne4 19. Nxe4 dxe4 20. Bc4 Be6 21. Bxe6 Qxe6 22. f5 $36 {[%mdl 2048] White fights for an advantage.} ({But not} 22. Qxe4 f6 $17) 22... Qd5 23. b4 Nd7 24. Nc4 Nf6 25. Rf4 h6 26. Rc1 Qd7 27. Qg2 Qc7 {[#]} (27... Qe7 $11 {remains equal.}) 28. g5 $1 $16 {[%cal Rg5f6]} hxg5 29. Qxg5 Kf8 (29... Nh7 $142 30. Qg2 f6) 30. Kh1 Rd5 (30... Ke7 $16) 31. Rg1 $18 Ke7 32. Rxe4+ Kd7 33. Rxe8 Nxe8 34. Ne5+ (34. Rg4 $16) 34... Kc8 $14 35. Qh5 Qe7 36. Qf3 f6 37. Nc4 {[#] And now Nb6+ would win.} Kb8 38. Rd1 Nd6 39. Nxd6 Qxd6 {[%mdl 4096] Endgame KQR-KQR} 40. Rc1 Qe7 41. Rc5 Rd8 42. Rc2 Ka7 43. Rg2 Rd7 44. Rg4 Qf7 45. Qf1 Qb3 46. Re4 {[%mdl 8192]} (46. Qc1 $1 $11 {and White stays safe.}) 46... Qxa3 $19 47. Qc4 {[%mdl 32768] What a bad dream for White.  Weighted Error Value: White=0.20/Black=0.13. An unexpected result.} 1/2-1/2

[Event "IV Closed GM BCC 2021"]
[Site "Barcelona"]
[Date "2021.04.10"]
[Round "6.2"]
[White "Valenzuela Gomez, Fernando"]
[Black "Perez Mitjans, Orelvis"]
[Result "1-0"]
[WhiteElo "2382"]
[BlackElo "2412"]
[Annotator "TA"]
[PlyCount "119"]
[EventDate "2021.04.05"]
[EventType "tourn"]
[EventCountry "ESP"]
[SourceTitle "playchess.com"]
[Source "ChessBase"]
[SourceQuality "1"]

{[%evp 21,119,35,34,37,38,36,43,44,43,39,43,45,45,43,62,46,105,113,108,105,119,120,122,122,228,228,210,200,247,230,246,243,295,305,515,284,295,300,291,300,262,265,253,146,388,389,406,389,579,536,568,569,577,561,591,597,587,575,683,683,842,793,933,775,751,745,851,888,883,862,962,960,1023,1013,1002,976,964,895,879,854,1256,1383,1312,1356,1622,1595,1523,1423,3106,2446,6087,6095,6079,5820,5302,5293,1257,1239,1174,1050]} 1. e4 c5 2. Nf3 g6 3. d4 cxd4 4. Nxd4 Bg7 5. c4 Nf6 6. Nc3 d6 7. Be2 O-O 8. Be3 Nc6 9. O-O Bd7 10. h3 Nxd4 11. Bxd4 Bc6 12. Qc2 {B38: Sicilian: Maroczy Bind with 5...Bg7 and 7...0-0.} a5 13. b3 Nd7 14. Bxg7 {White is slightly better.} Kxg7 {[#]} 15. Rfd1 $146 ({Predecessor:} 15. Rad1 Qb6 16. Kh1 Nc5 17. Rb1 Ne6 18. Nd5 Bxd5 19. exd5 Nd4 20. Qc3 e5 21. dxe6 fxe6 {½-½ (27) Weinwurm,W (2119)-Schulz,M (2073) Bad Wiessee 2019}) 15... Qb6 16. Nd5 Bxd5 17. exd5 f5 18. Qc3+ Ne5 (18... Rf6 $14) 19. a3 $16 f4 20. b4 Kg8 21. c5 Qc7 22. Bg4 f3 (22... Nxg4 $16 {keeps fighting.} 23. hxg4 Qd7) 23. Be6+ $18 ({Inferior is} 23. gxf3 h5 $17) 23... Kg7 24. g3 h5 25. Qd4 Rf6 26. h4 Qd8 27. Re1 Qe8 (27... axb4 28. axb4 Rxa1 29. Rxa1 Qb8) 28. cxd6 exd6 29. Rac1 Rxe6 30. dxe6 Qxe6 {[#] ( -> ...Qh3)} 31. Kh2 Kg8 32. b5 (32. bxa5 $18 {Strongly threatening Red1.} Ng4+ 33. Kg1) 32... Rf8 $2 {Black cannot hold the game after this.} (32... Ng4+ $16 33. Kg1 Ne5) 33. Red1 Ng4+ 34. Kg1 Ne3 (34... Ne5 $142 35. Qd5 (35. Qxd6 {is a self mate.} Qh3 36. Qe6+ Qxe6 37. Kh2 Ng4+ {[%mdl 64] Double Attack} 38. Kg1 Nxf2 39. Rf1 Nh3+ 40. Kh1 Qe2 41. Rxf3 Rxf3 42. a4 Nf2+ 43. Kg1 Rxg3+ 44. Kh2 Ne4+ 45. Kh1 Qg2#) 35... Qxd5 36. Rxd5 Rd8) 35. Rc7 {[%csl Gc7][%cal Rd4g7] White is clearly winning.} (35. Qxe3 Qh3 $11) 35... Nf5 36. Qd5 Qxd5 37. Rxd5 {[%mdl 4096] Endgame KRR-KRN} Re8 {intending ...Re1+.} 38. Rd3 ({Worse is} 38. Rxb7 Re1+ 39. Kh2 Ne3 $11) 38... b6 39. Rxf3 Re1+ 40. Kg2 Rb1 41. a4 d5 42. Rb7 d4 43. Rxb6 Kg7 44. Ra6 Rb2 45. Rxa5 Ne3+ 46. Kh3 Ng4 47. Ra7+ Kg8 48. Rd7 Ne5 49. Rd8+ Kg7 50. Rf4 d3 51. Kg2 Rb3 52. Rfd4 Kf6 53. R8d6+ Ke7 54. b6 Rb2 55. a5 Ng4 {[#]} 56. Rxg4 $1 Kxd6 57. Rd4+ Kc6 58. Rxd3 Ra2 59. Rb3 {Intending b7 and mate.} Kb7 60. Rb5 {Weighted Error Value: White=0.12/Black=0.43} 1-0

[Event "IV Closed GM BCC 2021"]
[Site "Barcelona"]
[Date "2021.04.10"]
[Round "6.3"]
[White "Barseghyan, Harutyun"]
[Black "Hernandez, Cristian Andres"]
[Result "1/2-1/2"]
[WhiteElo "2471"]
[BlackElo "2357"]
[Annotator "TA"]
[PlyCount "122"]
[EventDate "2021.04.05"]
[EventType "tourn"]
[EventCountry "ESP"]
[SourceTitle "playchess.com"]
[Source "ChessBase"]
[SourceQuality "1"]

{[%evp 13,122,31,56,22,27,18,31,8,21,0,0,-41,-22,-14,-15,-122,-121,-131,-129,-118,-117,-167,-105,-110,-108,-108,-108,-111,-106,-102,-105,-106,-45,-84,-25,-95,-56,-85,-48,-67,0,0,0,0,0,0,0,0,0,0,0,0,0,0,0,0,0,0,0,0,0,0,0,0,0,0,0,0,0,0,0,0,0,0,0,0,0,0,0,0,0,0,114,0,0,0,0,0,0,0,7,0,0,0,0,0,0,0,0,0,0,0,0,0,0,0,0,0,0,0,0]} 1. d4 Nf6 2. c4 e6 3. g3 d5 4. Nf3 dxc4 5. Bg2 Nc6 6. O-O a6 7. e3 Rb8 8. Qe2 {E04: Open Catalan: 5 Nf3.} b5 9. b3 cxb3 10. axb3 {White is slightly better.} Bb7 {[#]} 11. Nc3 $146 ({Predecessor:} 11. Bb2 Bd6 12. Ne5 Nb4 13. Bxb7 Rxb7 14. Ba3 a5 15. Bxb4 axb4 16. Qf3 Qc8 17. Qc6+ {1-0 (36) Vidit,S (2726)-Le,Q (2709) Chess.com INT 2020}) 11... Bd6 12. Bd2 O-O 13. Rfc1 Re8 14. Ne1 (14. Ng5 $11 {remains equal.}) 14... e5 $1 $17 15. d5 Nb4 16. e4 c6 {[%cal Rc6d5]} 17. Nd3 {[#]} cxd5 (17... Nxd3 $1 $19 18. Qxd3 b4) 18. Nxb4 Bxb4 19. Nxd5 Nxd5 20. exd5 Bd6 21. Be4 Rc8 22. Rc6 Bxc6 (22... g6 $17 23. Rxc8 Bxc8) 23. dxc6 $15 Qb6 (23... Bc7 $17 24. Rxa6 Qd4) 24. Ba5 (24. Qd3 $1 $11 Bc5 25. Bxh7+ Kf8 26. Be4) 24... Qb8 ({Avoid the trap} 24... Qd4 $2 25. Rd1 $18) 25. Rd1 g6 26. Qf3 f5 (26... Re7 $15) 27. Bxf5 $1 $11 gxf5 28. Qd5+ Kg7 29. Qxd6 Qxd6 30. Rxd6 {[%mdl 4096] Endgame KRR-KRB} Re7 31. b4 Kf7 32. c7 Rexc7 (32... f4 {looks sharper.} 33. Kg2 fxg3 34. hxg3 Rexc7 35. Bxc7 Rxc7 36. Rxa6 Rc4) 33. Bxc7 Rxc7 34. Rxa6 {KR-KR} Rc4 35. Rh6 Rxb4 36. Rxh7+ Kg6 37. Rb7 Rb1+ 38. Kg2 e4 39. Rb6+ Kh5 40. h4 Rb2 41. Rf6 e3 $1 42. Rxf5+ Kg6 $1 {[%cal Rg6f5]} 43. Re5 Rxf2+ 44. Kg1 Rf3 45. Kg2 Rf2+ 46. Kh3 e2 {White must now prevent ...Kf6.} 47. g4 $1 Kf6 {[#]} (47... b4 $11 48. Kg3 Rf8) 48. Re8 (48. Kg3 $1 $16 {[%mdl 512]} Rh2 (48... Rf1 49. Rxe2) 49. Re4) 48... Rf3+ {The position is equal.} (48... b4 $5 49. Kg3 $8 Rf1 50. Rxe2 b3 $11) 49. Kg2 Rc3 50. Rxe2 b4 51. Rf2+ Ke5 52. Rf5+ Ke4 53. h5 {h6 is the strong threat.} b3 $1 54. h6 {Strongly threatening Rb5.} b2 55. Rb5 Kf4 $1 56. h7 Rc8 57. Rxb2 {And now Rb7 would win.} (57. Rb4+ {feels hotter.} Kg5 58. h8=R Rxh8 59. Kg3 Rh1 60. Rb5+) 57... Kxg4 58. Rb7 {aiming for Rg7+.} Kh5 59. Rg7 {White threatens Rg8 and mate.} Kh6 60. Rg8 {[%cal Rh7h8]} Rc2+ 61. Kh3 {[%cal Rh7h8]} Kxh7 {Weighted Error Value: White=0.13/Black=0.12} 1/2-1/2

[Event "IV Closed GM BCC 2021"]
[Site "Barcelona"]
[Date "2021.04.10"]
[Round "6.4"]
[White "Gines Esteo, Pedro Antonio"]
[Black "Maurizzi, Marc Andria"]
[Result "0-1"]
[WhiteElo "2449"]
[BlackElo "2479"]
[Annotator "TA"]
[PlyCount "92"]
[EventDate "2021.04.05"]
[EventType "tourn"]
[EventCountry "ESP"]
[SourceTitle "playchess.com"]
[Source "ChessBase"]
[SourceQuality "1"]

{[%evp 11,92,35,38,14,12,15,35,35,29,27,27,28,29,-54,-63,-68,-71,-78,-72,-59,-66,-80,-49,-49,-50,-50,-47,-52,-72,-58,-45,-53,-60,-58,-75,-73,-77,-69,-63,-217,-218,-598,-598,-598,-598,-598,-598,-536,-536,-536,-527,-636,-598,-598,-598,-818,-825,-979,-961,-898,-892,-804,-783,-1083,-1060,-29972,-29975,-29970,-29972,-29986,-29987,-29987,-29979,-29978,-29978,-29986,-29987,-29984,-29975,-12850,-5281,-1508,-1458]} 1. d4 e6 2. c4 Bb4+ 3. Bd2 c5 4. Bxb4 cxb4 5. g3 Nf6 6. Bg2 O-O 7. e4 {E00: Catalan Bogo-Indian (3 g3 Bb4+).} d6 8. Ne2 e5 9. a3 {White is slightly better.} Qb6 {9...bxa3 is vanishing.} 10. O-O Bg4 11. f3 Be6 12. c5 (12. b3 $1 $11) 12... dxc5 $15 13. dxe5 {[#]} Rd8 $146 ({Predecessor:} 13... Nfd7 14. f4 Nc6 15. Nd2 Rad8 16. Kh1 bxa3 17. bxa3 Ndxe5 18. Nc3 Nc4 19. Nxc4 Bxc4 {0-1 (26) Kovalchuk,A (2235)-Maletin,P (2572) Taganrog 2013}) 14. Qe1 Nfd7 15. f4 Nc6 16. Kh1 c4 {...Nc5 is the strong threat.} 17. f5 Ndxe5 {Hoping for ...Nd3.} 18. Nf4 ({Don't go for} 18. fxe6 $2 Nd3 $19) 18... Bd7 19. Nd5 $1 {[%cal Rd5b6]} Qd4 $36 {[%mdl 2048] Keeping White busy.} 20. axb4 Nd3 21. Qc3 Nf2+ 22. Rxf2 $1 Qxf2 23. Na3 {Strongly threatening b5.} a5 24. bxa5 Rxa5 ({Reject} 24... Nxa5 25. Rf1 $11) 25. Ne7+ $2 {[#]} Kf8 $1 $19 {[%cal Rf8e7]} ({Not} 25... Nxe7 26. Qxa5 b6 27. Qb4 $11) 26. Nxc6 (26. Nd5 {was the crucial defense.}) 26... Bxc6 27. Qxa5 Rd2 {[%csl Gd2][%cal Rf2g2]} 28. Qb4+ {[#]} Ke8 $1 {[%csl Gd2][%cal Rf2g2]} 29. Qxd2 Qxd2 30. Nxc4 Qe2 31. Rc1 Ke7 32. f6+ gxf6 33. h4 f5 34. Rc3 Bxe4 35. Bxe4 fxe4 {[%mdl 4096] Endgame KQ-KRN} 36. Ne3 Qxb2 37. Rc4 Kd7 38. Nd5 Kd6 39. Nc3 e3 40. Rd4+ Kc5 41. Rd3 Kc4 42. Nd1 Qc1 43. Rd7 e2 {[%mdl 64] Pin} 44. Rc7+ Kb5 45. Rxc1 e1=Q+ {[%mdl 64] Double Attack} 46. Kg2 Qd2+ {[%mdl 64] Double Attack. White got outplayed after the opening.  Weighted Error Value: White=0.55/Black=0.03} 0-1

[Event "IV Closed GM BCC 2021"]
[Site "Barcelona"]
[Date "2021.04.10"]
[Round "6.5"]
[White "Ayats Llobera, Gerard"]
[Black "Garcia Ramos, Daniel"]
[Result "1/2-1/2"]
[WhiteElo "2403"]
[BlackElo "2436"]
[Annotator "TA"]
[PlyCount "43"]
[EventDate "2021.04.05"]
[EventType "tourn"]
[EventCountry "ESP"]
[SourceTitle "playchess.com"]
[Source "ChessBase"]
[SourceQuality "1"]

{[%evp 9,43,-8,13,4,8,0,25,-9,0,-68,-68,-67,-65,-67,-64,-72,-57,-64,-73,-63,-47,-86,-60,-91,-89,-87,-91,-108,-97,-93,-80,-98,-91,-144,-150,-124]} 1. e4 c6 2. Nf3 d5 3. d3 dxe4 4. dxe4 Qxd1+ 5. Kxd1 Bg4 6. Nbd2 {B10: Caro-Kann: 2 d3 and 2 c4.} Nd7 7. h3 Bh5 {[#]} (7... Bxf3+ $5 8. Nxf3 e5 $11) 8. c3 $146 {White has an edge.} ({Predecessor:} 8. g4 Bg6 9. Nh4 e5 10. f3 Be7 11. Nxg6 hxg6 12. Nc4 Ngf6 13. c3 a5 14. a4 {½-½ (41) Rapport,R (2752)-Khenkin,I (2545) Germany 2020}) 8... Ngf6 9. g4 ({White should try} 9. Bd3 $11) 9... Bg6 $15 10. e5 Ne4 11. Ke2 e6 12. Bg2 Bc5 13. Nxe4 Bxe4 14. Bf4 O-O-O 15. Rhd1 h6 16. b4 Bb6 17. Kf1 Bc7 18. Re1 Bd3+ 19. Kg1 Nb6 20. Rad1 Bc4 21. a3 ({Better is} 21. Nd2) 21... Rxd1 $17 22. Rxd1 {Black took control after the opening.  Weighted Error Value: White=0.22/Black=0.06} 1/2-1/2